Медно-порфировое оруденение России: перспективные регионы и площади

Bibliografiske detaljer
Hovedforfatter: Бескин С. М.
Andre forfattere: Алексеева А. К.
Summary:Проведена обновленная систематика медных и молибденовых месторождений порфирового семейства. В дальнейшее рассмотрение вовлечены только существенно медные (хотя и с молибденом) объекты. По вновь предложенной, с применением магнито- и гравиметрии, методике выделены и оконтурен (отделены от заведомо неперспективных) регионы России, перспективные на медно-порфировое оруденение. А среди них – конкретные потенциально промышленные прогнозируемые рудные узлы. Обосновано то, что (хотя реально в них присутствие месторождений необязательно) вне таких узлов обнаружить промышленное медно-порфировое оруденение нельзя.
Sprog:russisk
Udgivet: Москва, Научный мир, 2016
Fag:
Format: MixedMaterials Bog
KOHA link:https://koha.lib.tpu.ru/cgi-bin/koha/opac-detail.pl?biblionumber=317951

MARC

LEADER 00000nam0a2200000 4500
001 317951
005 20231102003028.0
010 |a 9785915224277 
035 |a (RuTPU)RU\TPU\book\343432 
090 |a 317951 
100 |a 20160418d2016 k y0rusy50 ca 
101 0 |a rus 
102 |a RU 
105 |a a z 001zy 
200 1 |a Медно-порфировое оруденение России: перспективные регионы и площади  |f С. М. Бескин, А. К. Алексеева 
210 |a Москва  |c Научный мир  |d 2016 
215 |a 78 с.  |c ил. 
320 |a Библиогр.: с. 73-77 
330 |a Проведена обновленная систематика медных и молибденовых месторождений порфирового семейства. В дальнейшее рассмотрение вовлечены только существенно медные (хотя и с молибденом) объекты. По вновь предложенной, с применением магнито- и гравиметрии, методике выделены и оконтурен (отделены от заведомо неперспективных) регионы России, перспективные на медно-порфировое оруденение. А среди них – конкретные потенциально промышленные прогнозируемые рудные узлы. Обосновано то, что (хотя реально в них присутствие месторождений необязательно) вне таких узлов обнаружить промышленное медно-порфировое оруденение нельзя. 
606 1 |a Медно-молибденовые месторождения  |2 stltpush  |3 (RuTPU)RU\TPU\subj\41819  |9 61596 
610 1 |a Россия 
610 1 |a медно-порфировое оруденение 
610 1 |a перспективные ресурсы 
610 1 |a районирование 
610 1 |a тектоно-металлогеническое районирование 
610 1 |a петролого-металлогеническое районирование 
610 1 |a прогнозное районирование 
610 1 |a гравиметрическое районирование 
675 |a 553.462  |v 4 
700 1 |a Бескин  |b С. М. 
701 1 |a Алексеева  |b А. К. 
801 1 |a RU  |b 63413507  |c 20160418 
801 2 |a RU  |b 63413507  |c 20160713  |g RCR 
942 |c BK 
959 |a 32/20160331  |d 1  |e 390,00  |f ЧЗТЛ:1